000 00402nam a2200133Ia 4500
008 151001s9999||||xx |||||||||||||| ||und||
100 _aदत्तात्रय पां मानुगडे
245 _aआणखी एक सावित्री
250 _a1
260 _bशितल मेहता कोल्हापूर
260 _c2013
300 _a176
365 _b18
999 _c1001958
_d1001955